000 00491nam a2200181 a 4500
003 BD-DhJNU
005 20250730063135.0
008 250501s1980 ii a b 001 0 eng
040 _aBD-DhJNU
_bENG
_cBD-DhJNU
_dBD-DhJNU
082 0 0 _a955.05 SII
_223
100 1 _aSingh, K R
245 1 0 _aIran quest for security /
_cK R Singh
260 _aDacca :
_bNawroze Kitabistan,
_c1980.
300 _ax, 443 p. :
_bill. ;
_c22 cm.
504 _aIncludes index.
650 0 _aIran quest
942 _cBK
999 _c1960
_d1960